Statistics for Capital Cities Near Their Country's Border

Click here to take the quiz!

General Stats

  • This quiz has been taken 71 times
  • The average score is 18 of 34

Answer Stats

kmCapitalmiles% Correct
0Monaco0
81%
0Vatican City0
80%
2San Marino1
78%
0Bratislava0
76%
0Kinshasa0
74%
6Luxembourg4
72%
0Brazzaville0
70%
0Vaduz0
70%
0.5Singapore0.3
67%
11Zagreb7
67%
0Jerusalem0
65%
4Andorra la Vella2
61%
15Skopje9
61%
17Copenhagen11
59%
18Pristina11
57%
15Djibouti10
56%
12Podgorica7
56%
0Rome0
52%
15Banjul9
48%
0Maseru0
48%
0Bangui0
46%
11Damascus7
46%
0Lomé0
46%
15Mbabane9
46%
6Porto-Novo4
43%
2Bandar
Seri Begawan
1
41%
0N'Djamena0
41%
2Bujumbura1
39%
6Gaborone4
39%
0Vientiane0
35%
0Tashkent0
31%
9Bishkek6
28%
0Asunción0
24%
15Ashgabat9
22%

Score Distribution

Percentile by Number Answered

Percent of People with Each Score

Your Score History

You have not taken this quiz